The primitive world and its transformations

Αποθηκεύτηκε σε:
Λεπτομέρειες βιβλιογραφικής εγγραφής
Κύριος συγγραφέας: Redfield, Robert 1897-
Μορφή: Βιβλίο
Γλώσσα:English
Δημοσίευση: Itacha : Cornell University Press, 1953
Θέματα:
Ετικέτες: Προσθήκη ετικέτας
Δεν υπάρχουν, Καταχωρήστε ετικέτα πρώτοι!

MARC

LEADER 00000cam a2200000 i 4500
001 1/80984
008 970311s1953 eng d
020 |a 0801490286 
035 |l 10005200 
040 |a GR-MY-UA  |b gre  |e aacr 
041 0 |a eng 
082 0 |a 306.0901 
100 1 |a Redfield, Robert  |d 1897- 
245 1 4 |a The primitive world and its transformations /  |c Robert Redfield 
260 |a Itacha :   |b Cornell University Press,   |c 1953 
300 |a 185 p. 
650 0 0 |a Primitive societies. 
650 0 0 |a Civilization. 
852 |a INST  |b LESVOS  |e 19970311  |h 306.0901 RED  |p 005100025329  |q 005100025329  |t BK  |y 12 
909 |a Λ  |b 007013